| 000 | 00701nam a22002297a 4500 | ||
|---|---|---|---|
| 005 | 20170124110220.0 | ||
| 010 | _aB-130264 | ||
| 020 | _c395.00 | ||
| 035 | _aB-130264 | ||
| 037 | _bCen Lib/Ret | ||
| 040 |
_aDPL _bEN |
||
| 082 |
_a362.7 _bWYM |
||
| 100 |
_aWyman, Bruce _939747 |
||
| 245 |
_aDictionary of environmatal science / _cby Bruce Wyman [and] L. Harold Stevenson |
||
| 260 |
_aMumbai _bJaico publishing house _c2003 |
||
| 270 |
_bMumbai _a121, M.G. road _e400023 |
||
| 300 |
_av,458p. _c22cm(pbk) |
||
| 500 | _aIncludes appendix | ||
| 650 |
_aEnvironmetal science _vDictioanry _939748 |
||
| 700 |
_aStevenson, L. Harold _939746 |
||
| 942 |
_2ddc _cEN _h362.7 _mWYM |
||
| 999 |
_c134086 _d134086 |
||